| Tag |
First Indicator |
Second Indicator |
Subfields |
| LEADER |
00000cam a2200000 a 4500 |
| 001 |
in00001410115 |
| 005 |
20151020060858.0 |
| 008 |
971209s1997 ie 001 0 eng d |
| 020 |
|
|
|a 1851823158
|
| 035 |
|
|
|a (OCoLC)38058794
|
| 035 |
|
|
|9 AHN8077AM
|
| 040 |
|
|
|a EYM
|c EYM
|d GZM
|d TXA
|d UtOrBLW
|
| 049 |
|
|
|a TXAM
|
| 090 |
|
|
|a P92.I73
|b M43 1997
|
| 245 |
0 |
0 |
|a Media in Ireland :
|b the search for diversity /
|c edited by Damien Kiberd.
|
| 264 |
|
1 |
|a Dublin, Ireland :
|b Open Air,
|c [1997]
|
| 264 |
|
4 |
|c ©1997
|
| 300 |
|
|
|a 94 pages ;
|c 22 cm.
|
| 336 |
|
|
|a text
|b txt
|2 rdacontent
|
| 337 |
|
|
|a unmediated
|b n
|2 rdamedia
|
| 338 |
|
|
|a volume
|b nc
|2 rdacarrier
|
| 500 |
|
|
|a Includes index.
|
| 650 |
|
0 |
|a Mass media
|z Ireland.
|
| 650 |
|
0 |
|a Mass media
|x Social aspects
|z Ireland.
|
| 650 |
|
0 |
|a Mass media
|x Political aspects
|z Ireland.
|
| 711 |
2 |
|
|a Cleraun Media Conference
|n (6th :
|d 1996 :
|c Dublin, Ireland)
|
| 700 |
1 |
|
|a Kiberd, Damien.
|
| 948 |
|
|
|a c:jlg
|
| 999 |
|
|
|a MARS
|
| 999 |
f |
f |
|s cc331ee4-7c0e-3244-b8fb-7f0d132e70a9
|i 8ed47edf-c22d-3d8b-90a4-9921a0e6a125
|t 0
|
| 952 |
f |
f |
|p ric
|a Texas A&M University
|b Rellis Campus
|c Joint Library Facility
|s JLF
|d Remote Storage
|t 0
|e P92.I73 M43 1997
|h Library of Congress classification
|i unmediated -- volume
|m A14822154377
|
| 998 |
f |
f |
|a P92.I73 M43 1997
|t 0
|l Remote Storage
|